• 首页
  • 本馆介绍
  • 公告通知
  • 最新文献
  • 馆藏检索
  • 电子资源
  • 读者导购
  • 参考咨询
  • 我的图书馆
  • 登录
  • 详细信息显示
  • 放入我的书架
  • 预约/预借图书
  • 作者相关作品
  • 分类相关作品
  • 丛书相关作品
  • 出版社相关作品

书目信息

  • 表格格式
  • 工作单格式
  • 卡片格式
题名:
超临界二氧化碳热质传递与热力循环
    
 
作者: 黄彦平 , 王俊峰 , 刘光旭 , 刘生晖 著
分册:  
出版信息: 北京   中国原子能出版社  2019.07
页数: 267页
开本: 26cm
丛书名:
单 册:
中图分类: O613.71
科图分类:
主题词: 超临界--chao lin jie--二氧化碳--传热
电子资源:
ISBN: 978-7-5022-9897-5
000 01042nam0 2200277 450
001 0109110235
005 20201109110340.0
010    @a978-7-5022-9897-5@dCNY88.00
100    @a20201022d2019 em y0chiy50 ea
101 0  @achi
102    @aCN@b110000
105    @aak z 000yy
106    @ar
200 1  @a超临界二氧化碳热质传递与热力循环@Achao lin jie er yang hua tan re zhi chuan di yu re li xun huan@f黄彦平[等]著
210    @a北京@c中国原子能出版社@d2019.07
215    @a267页@c图@d26cm
300    @a国家杰出青年科学基金国家自然科学基金重点项目国家自然科学基金青年基金某探索研究基金资助
330    @a本书总结了作者团队在超临界二氧化碳动力技术中获得的热质传递、自然循环及流动不稳定、热力循环以及未来应用的相关研究成果。
606 0  @a超临界@Achao lin jie@x二氧化碳@x传热
690    @aO613.71@v5
701  0 @a黄彦平@Ahuang yan ping@4著
701  0 @a王俊峰@Awang jun feng@4著
701  0 @a刘光旭@Aliu guang xu@4著
701  0 @a刘生晖@Aliu sheng hui@4著
801  0 @aCN@bBJSZM@c20201103
905    @b1241539-42@dO613.71@e11@f4
    
    超临界二氧化碳热质传递与热力循环/黄彦平[等]著.-北京:中国原子能出版社,2019.07
    267页:图;26cm
    国家杰出青年科学基金国家自然科学基金重点项目国家自然科学基金青年基金某探索研究基金资助
    
    ISBN 978-7-5022-9897-5:CNY88.00
    本书总结了作者团队在超临界二氧化碳动力技术中获得的热质传递、自然循环及流动不稳定、热力循环以及未来应用的相关研究成果。
●
相关链接 在E读中查询图书 在五车中查询图书 在当当中查询图书 在豆瓣中查询图书


正题名:超临界二氧化碳热质传递与热力循环     索取号:O613.71/11         预约/预借

序号 登录号 条形码 馆藏地/架位号 状态 备注
1 1241539   212415395   第二样本阅览室/ [索取号:O613.71/11] 在馆    
2 1241540   212415402   第三借阅区/ [索取号:O613.71/11] 在馆    
3 1241541   212415411   第三借阅区/ [索取号:O613.71/11] 在馆    
4 1241542   212415420   第三借阅区/ [索取号:O613.71/11] 在馆    
唐山师范学院图书馆 欢迎您!
大连网信软件有限公司© 版权所有